US States by Tallest Building - Click - Statistics

General Stats
  • This quiz has been taken 11 times
  • The average score is 12 of 50
Answer Stats
Hint Answer % Correct
Willis (Sears) Tower (1,451'/442m) Illinois
82%
Fontainebleau Las Vegas (737'/224m) Nevada
82%
West Virginia State Capitol (292'/89m) West Virginia
82%
Wyoming Financial Center (148'/45m) Wyoming
82%
Detroit Marriott at the Renaissance Center (727'/222m) Michigan
73%
Central Park Tower (1,550'/472m) New York
73%
North Dakota State Capitol (241'/73m) North Dakota
73%
The Central Ala Moana (435'/133m) Hawaii
64%
One Kansas City Place (623'/189m) Missouri
64%
Albuquerque Plaza (351'/107m) New Mexico
64%
200 Clarendon Street (John Hancock Tower) (790'/240m) Massachusetts
36%
99 Hudson Street (900'/274m) New Jersey
36%
Chase Tower (483'/147m) Arizona
27%
IDS Center (792'/241m) Minnesota
27%
Bank of America Corporate Center (871'/265m) North Carolina
27%
Comcast Technology Center (1,120'/340m) Pennsylvania
27%
RSA Battle House Tower (670'/204m) Alabama
18%
U.S. Bank Tower (1,018'/310m) California
18%
Republic Plaza (717'/219m) Colorado
18%
1201 North Market Street (360'/110m) Delaware
18%
801 Grand (630'/190m) Iowa
18%
Key Tower (888'/271m) Ohio
18%
Devon Energy Center (844'/257m) Oklahoma
18%
U.S. Bank Center (601'/183m) Wisconsin
18%
Conoco-Phillips Building (296'/90m) Alaska
9%
Panorama Tower (828'/252m) Florida
9%
Bank of America Plaza (933'/284m) Georgia
9%
Eighth & Main (278'/84m) Idaho
9%
Salesforce Tower (701'/214m) Indiana
9%
Beau Rivage (346'/105m) Mississippi
9%
First Interstate Center (272'/83m) Montana
9%
CenturyLink Tower (174'/53m) South Dakota
9%
JPMorgan Chase Tower (1,002'/305m) Texas
9%
Grace Church (199'/60m) Vermont
9%
James Monroe Building (449'/137m) Virginia
9%
Columbia Center (937'/286m) Washington
9%
Simmons Tower (547'/167m) Arkansas
0%
City Place I (537'/164m) Connecticut
0%
Epic Center (385'/117m) Kansas
0%
400 West Market (549'/167m) Kentucky
0%
Hancock Whitney Center (697'/212m) Louisiana
0%
Saint Joseph's Church (235'/71m) Maine
0%
Transamerica Tower (528'/161m) Maryland
0%
First National Bank Tower (634'/193m) Nebraska
0%
City Hall Plaza (275'/84m) New Hampshire
0%
Wells Fargo Center (546'/166m) Oregon
0%
Industrial National Bank Building (428'/130m) Rhode Island
0%
Capitol Center (349'/106m) South Carolina
0%
Four Seasons Hotel and Residences (542'/165m) Tennessee
0%
Astra Tower (451'/137m) Utah
0%
No matching quizzes found
Score Distribution
Percent of People with Each Score
Percentile by Number Answered
Your Score History
You have not taken this quiz